=LDR 00000nam 2200000 4500 =001 INLIS000000000050701 =005 20240531041012 =035 ##$$a 0010-0517000354 =007 ta =008 240531################g##########0#ind## =020 ##$$a 978 - 602 - 7595 - 21 - 7 =082 ##$$a 813 =084 ##$$a 813 SAH s =100 #$$a Sahidi, Toni Tegar =245 1#$$a Sepatu terakhir /$c Toni Tegar Sahidi =250 ##$$a Cet.1 =260 ##$$a Jakarta :$b Republika,$c 2012 =300 ##$$a xvi, 310 hlm ; $c 21 cm =650 #4$$a NOVEL =990 ##$$a 31700518 =990 ##$$a 31700517